| 000 -LEADER |
| fixed length control field |
01062nam a22001337a 4500 |
| 040 ## - CATALOGING SOURCE |
| Transcribing agency |
RUA |
| 082 ## - DEWEY DECIMAL CLASSIFICATION NUMBER |
| Classification number |
AGR SIE 2013 B057 Or.1 |
| 100 ## - MAIN ENTRY--AUTHOR NAME |
| Personal name |
SIENG, SOTHEA. |
| 245 ## - TITLE STATEMENT |
| Title |
Effect of different herbicide on growth and yield of IR 66 rice sown by drum seeder under prey khmer soil condition in early wet season at osaray commune tramkok district takeo province, ប្រសិទ្ឌភាពថ្នាំកំចាត់ស្មៅផ្សេងៗគ្នាលើការលូតលាស់ និងទិន្នផលស្រូវអ៊ីអ៊ែរ៦៦សាបដោយឧបករណ៍ទម្លាក់គរាប់(DRUM-SEEDER) ក្នុងលក្ខខណ្ឌដីព្រៃខ្មែរដើមរដូវវស្សានៅខុំអូរសារាយ ស្រុកតហរាំកក់ ខេត្តតាកែវ |
| 260 ## - PUBLICATION, DISTRIBUTION, ETC. (IMPRINT) |
| Place of publication |
Phnom Penh |
| Name of publisher |
RUA |
| Year of publication |
2013 |
| 300 ## - PHYSICAL DESCRIPTION |
| Number of Pages |
x; 35p. |
| Other physical details |
ill. |
| Dimensions |
29cm. |
| 856 ## - ELECTRONIC LOCATION AND ACCESS |
| Uniform Resource Identifier |
https://drive.google.com/file/d/1JNwzqR84W20xyY6LWbm71SXVq0k4vibQ/view?usp=sharing |
| 942 ## - ADDED ENTRY ELEMENTS (KOHA) |
| Koha item type |
AGR |
| 952 ## - LOCATION AND ITEM INFORMATION (KOHA) |
| Withdrawn status [LOCAL, KOHA] |
0 |
| 952 ## - LOCATION AND ITEM INFORMATION (KOHA) |
| Withdrawn status [LOCAL, KOHA] |
0 |
| 952 ## - LOCATION AND ITEM INFORMATION (KOHA) |
| Withdrawn status [LOCAL, KOHA] |
0 |
| 952 ## - LOCATION AND ITEM INFORMATION (KOHA) |
| Withdrawn status [LOCAL, KOHA] |
0 |
| 952 ## - LOCATION AND ITEM INFORMATION (KOHA) |
| Withdrawn status [LOCAL, KOHA] |
0 |
| 952 ## - LOCATION AND ITEM INFORMATION (KOHA) |
| Withdrawn status [LOCAL, KOHA] |
0 |
| 952 ## - LOCATION AND ITEM INFORMATION (KOHA) |
| Withdrawn status [LOCAL, KOHA] |
0 |
| 952 ## - LOCATION AND ITEM INFORMATION (KOHA) |
| Withdrawn status [LOCAL, KOHA] |
0 |
| 952 ## - LOCATION AND ITEM INFORMATION (KOHA) |
| Withdrawn status [LOCAL, KOHA] |
0 |